000
00236nam a2200085Ia 4500
008
170620s9999 xx 000 0 und d
100
_a
Ediger- Marlow
245
0
_a
Relevancy in elementary curriculum
260
_b
New Delhi- Discovery Publishing House
260
_c
2004
999
_c
24068
_d
24068